| 000 | 00688nam a2200229Ia 4500 | ||
|---|---|---|---|
| 003 | GCL | ||
| 008 | 140319s9999 xx 000 0 ara d | ||
| 040 |
_aGCL / _cGCL |
||
| 082 | 0 | 4 |
_a366.1 _bل ب |
| 100 | 1 | _aلجنة كتب سياسية | |
| 245 | 1 | 0 |
_aبروتوكول حكماء صهيون / _cلجنة كتب سياسية |
| 260 |
_a[S.N] : _bلجنة كتب سياسية ، _c1957 |
||
| 300 | _a118 | ||
| 490 | _a | ||
| 650 | 0 | 4 | _aتاريخ |
| 650 | 0 | 4 | _aالجمعيات السرية |
| 650 | 0 | 4 | _aاسرائيل |
| 650 | 0 | 4 | _aالصهيونية |
| 650 | 0 | 4 | _aبروتوكولات حكماء صهيون |
| 650 | 0 | 4 | _aالجمعيات اليهودية |
| 942 |
_2ddc _cBK |
||
| 999 |
_c36753 _d36753 |
||